[Event "South America-ch U10 16th"]
[Site "Buenos Aires"]
[Date "2019.12.03"]
[Round "4.8"]
[White "Arias Diaz, Javier Alonso"]
[Black "Fiorito, Francisco"]
[Result "1-0"]
[WhiteElo "1191"]
[BlackElo "1828"]
[PlyCount "47"]
[EventDate "2019.12.01"]
[EventType "swiss"]
[EventRounds "9"]
[EventCountry "ARG"]
[SourceTitle "EXT 2024"]
[Source "ChessBase"]
[SourceDate "2023.10.10"]
[SourceVersion "1"]
[SourceVersionDate "2023.10.10"]
[SourceQuality "1"]

1. d4 Nf6 2. c4 c5 3. d5 e5 4. Nc3 d6 5. e4 g6 6. Nge2 Bg7 7. Ng3 h5 8. h4 Ng4 9. Bg5 Bf6 10. Qd2 Be7 11. Bxe7 Qxe7 12. Qg5 Qxg5 13. hxg5 h4 14. Be2 Nxf2 15. Kxf2 hxg3+ 16. Kxg3 Rf8 17. Nb5 Kd7 18. Bg4+ Kd8 19. Bxc8 Kxc8 20. Nxd6+ Kc7 21. Nb5+ Kb6 22. Rh7 f5 23. a4 a5 24. Re7 1-0

[Event "Gibraltar Amateur op-A"]
[Site "Caleta"]
[Date "2019.01.23"]
[Round "3"]
[White "Ocana, Jeremy"]
[Black "Arias Diaz, Javier Alonso"]
[Result "1-0"]
[WhiteElo "1695"]
[BlackElo "1093"]
[PlyCount "39"]
[EventDate "2019.01.21"]
[EventType "swiss"]
[EventRounds "5"]
[EventCountry "GGB"]
[SourceTitle "CBM 188 Extra"]
[Source "ChessBase"]
[SourceDate "2019.02.26"]
[SourceVersion "1"]
[SourceVersionDate "2019.02.26"]
[SourceQuality "1"]

1. d4 Nf6 2. Bf4 g6 3. e3 Bg7 4. Nf3 0-0 5. h3 d6 6. Be2 Nbd7 7. 0-0 c5 8. c3 Nb6 9. Nbd2 Nbd5 10. Bh2 Bf5 11. g4 Be6 12. Ng5 Bd7 13. e4 Nc7 14. dxc5 dxc5 15. Nb3 b6 16. Bc4 h6 17. Nxf7 Rxf7 18. e5 Ne4 19. Bxf7+ Kxf7 20. Qf3+ 1-0